| 000 | 00395nam a2200097Ia 4500 | ||
|---|---|---|---|
| 008 | 180130s9999 xx 000 0 und d | ||
| 245 |
_cHassan, Maaly A.; Abuhaiba, Ibrahim S. _aInterference reduction in mobile ad hoc and sensor networks |
||
| 260 | _c2016 | ||
| 300 | _aBook title: Innovations in computer science and engineering--Acession number C20551; pages 144-160 | ||
| 650 | _aCOMPUTER SCIENCE | ||
| 999 |
_c353749 _d353749 |
||